Posudzovanie zdravotného stavu na vedenie motorových vozidiel

Bibliographic Details
Main Author: Ahmadullah Fathi (Author)
Format: Article
Language:Slovak

MARC

LEADER 00000nab a2200000ua 4500
001 vtls010826450
003 SK-MaSNL
005 20260303153753.0
008 230222s2009 xo |||||||||||||||||slo|
035 |a (urnnbn)urn:nbn:sk:snk:ar-a068y8 
035 |a urn:nbn:sk:snk-ab5si4 
035 |a (uuid)af3e9683-d098-4a5a-b0f2-745943f4d421 
040 |a SNKBUCL  |b slo  |c SNKBUCL  |e AACR2 
041 0 |a slo 
044 |a xo  |c SK 
100 1 |a Ahmadullah Fathi  |4 aut  |9 1175269 
245 1 0 |a Posudzovanie zdravotného stavu na vedenie motorových vozidiel  |c Ahmadullah Fathi 
773 0 |t Via practica : moderný časopis pre lekárov prvého kontaktu  |g Roč. 6, č. 11 (2009), s. 462-463 
954 |a odborná, vedecká literatúra pôvodná (slovenská)  |2 lita 
958 |a OND 
958 |a EUIPO 
958 |a article5 
999 |c 2030121  |d 2032051